Score 0/16 Timer 04:00
0 Plays Today
Question Answer Wrong Answers
A Feast for Crows George R. R. Martin
83.8%
J. R. R. Tolkien
6.7%
The Hobbit J. R. R. Tolkien
81.7%
George R. R. Martin
8.3%
A Clash of Kings George R. R. Martin
79.7%
J. R. R. Tolkien
11%
The Return of the King J. R. R. Tolkien
77.8%
George R. R. Martin
12.7%
The Sons of the Dragon George R. R. Martin
77.3%
J. R. R. Tolkien
13%
The Fall of Gondolin J. R. R. Tolkien
76.2%
George R. R. Martin
14.5%
The Children of Húrin J. R. R. Tolkien
70%
George R. R. Martin
19.8%
The Mystery Knight George R. R. Martin
68.1%
J. R. R. Tolkien
21.6%
A Song for Lya George R. R. Martin
66.6%
J. R. R. Tolkien
24.1%
Farmer Giles of Ham J. R. R. Tolkien
66.1%
George R. R. Martin
24.8%
The Armageddon Rag George R. R. Martin
65.8%
J. R. R. Tolkien
25%
Fevre Dream George R. R. Martin
62%
J. R. R. Tolkien
28.2%
Dying of the Light George R. R. Martin
60.9%
J. R. R. Tolkien
29%
Finn and Hengest J. R. R. Tolkien
55.9%
George R. R. Martin
34.2%
Roverandom J. R. R. Tolkien
53.3%
George R. R. Martin
36.9%
Mr. Bliss J. R. R. Tolkien
38.8%
George R. R. Martin
51.2%

Today's Daily Dose

Missing Word
'M' Pairs

Quick Pick
'F' Video Games

Get the Picture
MCU Captains

You're not logged in!

Compare scores with friends on all Sporcle quizzes.
OR
Log In

Sporcle TV

Today on Sporcle TV


Watch our educational content, quiz creation guides, and fun videos on Sporcle TV.

Show Comments

Extras

Top Quizzes Today


Score Distribution

Paid Content

Your Account Isn't Verified!

In order to create a playlist on Sporcle, you need to verify the email address you used during registration. Go to your Sporcle Settings to finish the process.

Report this User

Report this user for behavior that violates our Community Guidelines.

Details: